|
|
|
|
| LEADER |
01068nam a2200337 4500 |
| 001 |
DLU090095710 |
| 005 |
##20091201 |
| 040 |
# |
# |
|a DLU
|b eng
|
| 041 |
# |
# |
|a eng
|
| 044 |
# |
# |
|a us
|
| 245 |
# |
# |
|a Two methods for amplifying the optical nonlinearity of a conjugated porphyrin polymer : Transmetallation and self-assembly /
|c Thomas E. O. Screen ... [et al.].
|
| 653 |
# |
# |
|a Non linear optics
|
| 653 |
# |
# |
|a Optical materials
|
| 653 |
# |
# |
|a Organic ligands
|
| 653 |
# |
# |
|a Organometallic polymer
|
| 653 |
# |
# |
|a Polychelate
|
| 700 |
# |
# |
|a Anderson, Harry L.
|
| 700 |
# |
# |
|a Bucknall, David G.
|
| 700 |
# |
# |
|a Denning, Robert G.
|
| 700 |
# |
# |
|a Screen, Thomas E. O.
|
| 700 |
# |
# |
|a Thorne, Jonathan R. G.
|
| 773 |
# |
# |
|t Journal of Materials Chemistry
|g Vol. 13, no. 11 (2003), p. 2796-2808
|
| 920 |
# |
# |
|a Phòng Tạp chí -- Trung tâm Thông tin - Thư viện Trường Đại học Đà Lạt
|
| 994 |
# |
# |
|a DLU
|
| 900 |
# |
# |
|a True
|
| 911 |
# |
# |
|a Trương Bảo Trâm Anh
|
| 925 |
# |
# |
|a G
|
| 926 |
# |
# |
|a A
|
| 927 |
# |
# |
|a BB
|
| 980 |
# |
# |
|a Thư viện Trường Đại học Đà Lạt
|